| 000 | 00604nam a2200205Ia 4500 | ||
|---|---|---|---|
| 001 | b2803-24997 [3996] | ||
| 003 | IT-MiCISF | ||
| 008 | 161014s9999||||xx |||||||||||||| ||und|| | ||
| 040 |
_aIT-MiCISF _cIT-MiCISF |
||
| 041 | _ait | ||
| 100 | _aBompiani Adriano | ||
| 245 | 0 |
_aBioetica in Italia _bLineamenti e tendenze |
|
| 250 | _a1a ed. | ||
| 260 |
_aBologna _bDehoniane _c1992 |
||
| 300 | _app. 407 | ||
| 500 | _a / bioetica, comitati-di-etica, teoria, etica, teologia, magistero, sanità , antropologia, filosofia, diritto / | ||
| 650 | _abioetica | ||
| 942 | _cBK | ||
| 957 | _71 | ||
| 999 |
_a24997 _bsi _g1 _c214632 _d214632 |
||